000 00388nam a22001457a 4500
003 OSt
005 20160727222350.0
008 160622b xxu||||| |||| 00| 0 eng d
040 _ctest
100 _9356
_aDixon, F, W
245 _aThe Hardy Boys
_bWhile the Clock Ticked
260 _aGrosset & Dunlap Inc.
_cMCM 4XIII
300 _aThe Hardy Boys: While the Clock Ticked
942 _2ddc
_cBK
999 _c288
_d288